| 000 | 006140000a22001210004500 | ||
|---|---|---|---|
| 100 | 1 | _aZapata León, Sergio | |
| 245 | 1 | 0 | _aSostiene Palacios : Retrato de Arnoldo Palacios |
| 300 | _aVol.0, núm.9 (Junio, 2006), Páginas 16-17 | ||
| 500 | _aPeriodista. | ||
| 520 | _aCada tanto, el escritor Arnoldo Palacios deja Francia para pasar una breve temporada en Colombia. Su novela Las estrellas son negras, publicada después del Bogotazo, en 1949, y reeditada por el Ministerio de Cultura, es una de las grandes olvidadas de la literatura nacional. | ||
| 773 | 0 | _tArcadia / Andrés Felipe Solano, Editor | |
| 942 | _cANA | ||
| 999 |
_c61786 _d61786 |
||